[Event "New York op"]
[Site "New York"]
[Date "1991.??.??"]
[Round "4"]
[White "Meyer, Eugene B"]
[Black "Ivanov, Alexander"]
[Result "0-1"]
[WhiteElo "2470"]
[BlackElo "2525"]
[Annotator "Ribli,Z"]
[PlyCount "152"]
[EventDate "1991.03.??"]
[EventType "swiss"]
[EventRounds "9"]
[EventCountry "USA"]
[SourceTitle "CBM 023"]
[Source "ChessBase"]
[SourceDate "1991.08.01"]
[SourceVersion "1"]
[SourceVersionDate "1991.08.01"]
[SourceQuality "1"]

1. c4 e5 2. g3 g6 3. Nc3 Bg7 4. Bg2 d6 5. Nf3 f5 6. O-O Ne7 7. d4 e4 8. Ne1
Nbc6 9. Nc2 d5 10. c5 (10. Bg5 $5) 10... b6 11. b4 bxc5 12. bxc5 Ba6 13. Bg5 h6
14. Bxe7 Nxe7 15. Ne3 O-O 16. f4 Rb8 17. Qa4 Qe8 $1 18. Qxe8 (18. Qxa6 Bxd4)
18... Rfxe8 19. Nc2 Nc6 20. Rfd1 Rb2 21. Rac1 Bc4 22. e3 Bxa2 23. Na3 Rd8 24.
Ra1 Bb3 25. Rdb1 Rxb1+ 26. Rxb1 Nxd4 27. Nxd5 (27. exd4 Bxd4+ 28. Kh1 Bxc3 29.
Rxb3 d4 $44) 27... c6 $2 (27... Bxd5 28. exd4 Bxd4+ $19) 28. exd4 Bxd4+ 29. Kh1
cxd5 $2 (29... Bxd5 $19) 30. c6 Rc8 31. Rxb3 Rxc6 32. Bf1 Bb6 33. Rb1 d4 34.
Nc4 Bc7 35. Ra1 d3 36. Nb2 a5 37. Nxd3 exd3 38. Bxd3 Kf8 39. Ra2 Rc3 40. Bb5
Rb3 41. Bc6 Rb6 42. Rc2 Bd6 43. Kg2 Rb4 44. Ra2 Bc7 45. Re2 Rb6 46. Ba4 Kf7 47.
h4 h5 48. Rc2 Bd6 49. Re2 Kf6 50. Bd7 Bc5 51. Rc2 Bd6 52. Be8 Rb8 53. Bd7 Ke7
54. Bc6 Rb4 55. Re2+ Kf6 56. Ra2 Rb6 57. Be8 Rb8 58. Bc6 Bb4 59. Rc2 Rd8 60.
Bb5 Rd4 61. Rc6+ Kg7 62. Rc7+ Kh6 63. Rc2 Be1 64. Rc1 Rd2+ 65. Kf3 Bf2 66. Rc6
Bd4 67. Be2 a4 68. Ra6 Ra2 69. Rd6 Bc5 70. Re6 a3 71. g4 hxg4+ 72. Kg3 Rc2 73.
h5 a2 74. Rxg6+ Kh7 75. Bd3 a1=Q 76. Bxc2 Qg1+ 0-1

[Event "New York op"]
[Site "New York"]
[Date "1991.??.??"]
[Round "4"]
[White "Dzindzichashvili, Roman"]
[Black "Sherzer, Alex"]
[Result "1/2-1/2"]
[WhiteElo "2555"]
[BlackElo "2435"]
[Annotator "Ribli,Z"]
[PlyCount "91"]
[EventDate "1991.03.??"]
[EventType "swiss"]
[EventRounds "9"]
[EventCountry "USA"]
[SourceTitle "CBM 023"]
[Source "ChessBase"]
[SourceDate "1991.08.01"]
[SourceVersion "1"]
[SourceVersionDate "1991.08.01"]
[SourceQuality "1"]

1. c4 e5 2. Nc3 Bb4 3. Nf3 Bxc3 4. bxc3 e4 5. Nd4 Nc6 6. Nf5 Qf6 7. Ne3 Nge7 8.
g3 O-O 9. Bg2 Qg6 10. O-O d6 11. d3 exd3 12. exd3 Ne5 13. d4 Ng4 14. Re1 Nxe3
15. Bxe3 Rb8 16. Bf4 Qf6 17. c5 Ng6 18. cxd6 cxd6 19. Be3 b5 20. a4 a6 21. axb5
axb5 22. Qb3 h6 23. Qb4 Rd8 24. Ra7 Bg4 25. Ra5 Bd7 26. Ra6 Bc8 27. Ra5 Bd7 28.
Rea1 $14 Ne7 29. Ra6 Bc8 30. Ra8 Bd7 31. Rxb8 Rxb8 32. Bf4 Nf5 33. Ra7 Qe6 34.
Qb1 Re8 35. h4 b4 36. d5 Qe1+ 37. Qxe1 Rxe1+ 38. Kh2 b3 39. Rxd7 g5 $1 (39...
b2 40. Rd8+ Kh7 41. Rb8 b1=Q 42. Rxb1 Rxb1 43. Be4 $18) 40. hxg5 hxg5 41. Be3 (
41. Bh3 Ng7 42. Bxg5 b2 $13) 41... Nxe3 42. fxe3 b2 43. Be4 Rxe3 $1 44. Bf5 Re5
45. Bb1 Re1 46. Bf5 1/2-1/2

[Event "Hoogovens-B"]
[Site "Wijk aan Zee"]
[Date "1992.01.??"]
[Round "7"]
[White "Winants, Luc"]
[Black "Van Mil, Johan"]
[Result "1-0"]
[WhiteElo "2515"]
[BlackElo "2445"]
[Annotator "Ribli,Z"]
[PlyCount "81"]
[EventDate "1992.01.??"]
[EventType "tourn"]
[EventRounds "11"]
[EventCountry "NED"]
[EventCategory "10"]
[SourceTitle "CBM 028"]
[Source "ChessBase"]
[SourceDate "1992.06.01"]
[SourceVersion "1"]
[SourceVersionDate "1992.06.01"]
[SourceQuality "1"]

1. c4 e5 2. Nc3 Bb4 3. g3 Bxc3 4. bxc3 Nc6 5. Bg2 Nge7 6. Nf3 d6 7. O-O (7. d4
O-O 8. O-O f6 9. Ba3 Qe8 10. e4 b6 11. c5 dxc5 12. dxc5 Be6 13. Qc2 Qf7 14.
Rfd1 b5 15. Nh4 Rfd8 16. Nf5 Nxf5 17. exf5 Bd5 18. Rxd5 Rxd5 19. Qb3 Rad8 20.
Bxd5 Qxd5 21. Qxb5 Qf3 $44 {Schwartzman,G-Mainka,G  Dortmund-D 1991  EXP/22})
7... O-O 8. d3 Bg4 (8... h6 $6 9. Ne1 Be6 10. Rb1 b6 11. f4 exf4 12. gxf4 Qd7
13. Rb2 $1 Rae8 14. Nf3 Bg4 15. Qe1 f5 16. Qf2 Nd8 17. Nd4 $1 $14 {Savon-Stohl
Trnava-B 1989  47/24}) 9. h3 Bd7 10. e4 Qe8 11. Rb1 $1 b6 12. Nh4 Kh8 13. g4 (
13. f4 $5 exf4 14. Bxf4 $13) 13... f6 14. Be3 g5 15. Nf5 Ng6 $1 16. d4 Na5 17.
Qe2 Be6 18. d5 Bxf5 19. exf5 Nf4 20. Bxf4 gxf4 (20... exf4 $5 21. Qd3 Qa4 $13)
21. c5 $5 dxc5 (21... bxc5 $2 22. Qa6 Qa4 23. Rb5 $18) 22. d6 c6 (22... cxd6 $1
23. Bxa8 Qxa8 $44) 23. Rbd1 Rd8 24. Rfe1 Qf7 25. h4 Rfe8 26. Rd3 Rd7 27. Be4
Red8 28. Red1 Qf8 29. g5 c4 30. R3d2 Rxd6 31. Rxd6 Rxd6 32. Rxd6 Qxd6 33. Qh5
$146 Qf8 34. Kg2 Kg8 35. Kh3 Kh8 36. Qd1 Qe7 37. gxf6 Qxf6 38. Qd7 a6 39. Qc8+
Kg7 40. Qc7+ Kh6 41. Qxb6 1-0

[Event "Lippstadt"]
[Site "Lippstadt"]
[Date "1992.??.??"]
[Round "?"]
[White "Panzer, Peter"]
[Black "Hickl, Joerg"]
[Result "1/2-1/2"]
[WhiteElo "2340"]
[BlackElo "2540"]
[Annotator "Ribli,Z"]
[PlyCount "64"]
[EventDate "1992.07.??"]
[EventType "tourn"]
[EventRounds "10"]
[EventCountry "GER"]
[EventCategory "8"]
[SourceTitle "CBM 031"]
[Source "ChessBase"]
[SourceDate "1992.12.01"]
[SourceVersion "1"]
[SourceVersionDate "1992.12.01"]
[SourceQuality "1"]

1. d4 d6 2. c4 e5 3. Nc3 exd4 4. Qxd4 Nc6 5. Qd2 g6 (5... Nf6 $5 6. g3 $6 Be6
7. e4 Be7 8. b3 $2 Nxe4 $1 9. Nxe4 d5 $17 {Benko,P-Psakhis,L Aruba 1992 CBM/30}
) 6. b3 Bg7 7. Bb2 Nf6 8. g3 O-O 9. Nh3 a6 (9... a5 $6 10. Nf4 Ne5 11. Rc1 Bd7
12. Bg2 a4 13. O-O $14 {Ruf,M-Hickl,J FRG-ch 1989 CBM/15}) (9... Re8 10. Nf4 $5
Bf5 11. Bg2 h5 12. O-O h4 13. Nfd5 hxg3 14. hxg3 Nxd5 15. Nxd5 $14 {Badea
Takacs,B-Velikov,P Kavala Balkaniad 1990 CBM/21}) 10. Nf4 Rb8 11. Bg2 Ne5 12.
O-O b5 13. cxb5 axb5 14. Rfd1 (14. Ncd5 $5) 14... Bh6 15. Qc2 Bf5 16. Ne4 Nxe4
17. Bxe4 Bxe4 18. Qxe4 Re8 19. Qc2 Rc8 20. a4 (20. Nd3 $5) 20... bxa4 21. Rxa4
(21. bxa4 $5) 21... Bg7 22. Ra7 c6 23. Ra6 Qc7 24. Nd3 Qb7 25. Ra4 d5 26. Nc5
Qc7 27. Bd4 h5 28. h4 Bf6 29. Qc3 Qd6 30. Kg2 Kg7 31. e4 Ng4 32. f3 Bxd4 $14
1/2-1/2

[Event "Minsk Boleslavsky Memorial"]
[Site "Minsk"]
[Date "1994.??.??"]
[Round "10"]
[White "Nielsen, Peter Heine"]
[Black "Kovalev, Andrei"]
[Result "0-1"]
[WhiteElo "2475"]
[BlackElo "2530"]
[Annotator "Ribli,Z"]
[PlyCount "40"]
[EventDate "1994.02.??"]
[EventType "tourn"]
[EventRounds "11"]
[EventCountry "BLR"]
[EventCategory "10"]
[SourceTitle "CBM 042"]
[Source "ChessBase"]
[SourceDate "1994.10.01"]
[SourceVersion "1"]
[SourceVersionDate "1994.10.01"]
[SourceQuality "1"]

1. Nf3 Nf6 2. c4 g6 3. Nc3 Bg7 4. g3 O-O 5. Bg2 d6 6. O-O e5 7. d3 Nh5 (7... c6
8. Rb1 Re8 9. e4 $14 {Kramnik,V-Polgar,J/Madrid/1993/CBM36/}) 8. Rb1 (8. d4 $5)
8... f5 9. Qc2 (9. b4 $2 e4 $19) (9. Nd2 $5) 9... a5 10. a3 f4 11. b4 axb4 12.
axb4 g5 13. b5 g4 14. Nd2 Nd7 15. Bb2 Nc5 {-> A21} 16. Ra1 (16. Nce4 Ne6 17.
Ra1 Rb8 (17... Rxa1 $5) 18. Ra7 Nf6 19. Nxf6+ Qxf6 20. Ne4 Qh6 21. Rfa1 $13 {
Filip,M-Ivkov,B/Lugano ol/1968/}) 16... Rxa1 17. Rxa1 Ne6 18. Nd5 $2 (18. Nce4
$1 $13) 18... c6 $1 19. bxc6 bxc6 20. Nb4 fxg3 (20... fxg3 21. hxg3 (21. Nxc6
gxh2+ 22. Kh1 Qh4 23. Ne4 Rxf2 24. Nxf2 Ng3#) 21... Qb6 22. Nxc6 Qxf2+ $19) 0-1

[Event "Dos Hermanas"]
[Site "Dos Hermanas"]
[Date "1993.??.??"]
[Round "1"]
[White "Karpov, Anatoly"]
[Black "Epishin, Vladimir"]
[Result "1/2-1/2"]
[WhiteElo "2725"]
[BlackElo "2620"]
[Annotator "Ribli,Z"]
[PlyCount "47"]
[EventDate "1993.04.??"]
[EventType "tourn"]
[EventRounds "9"]
[EventCountry "ESP"]
[EventCategory "14"]
[SourceTitle "CBM 036"]
[Source "ChessBase"]
[SourceDate "1993.10.01"]
[SourceVersion "1"]
[SourceVersionDate "1993.10.01"]
[SourceQuality "1"]

1. d4 d6 2. c4 e5 3. Nc3 exd4 4. Qxd4 Nc6 5. Qd2 (5. Qd1 $5) 5... Nf6 6. b3 a5
7. e4 (7. Bb2 $5 {Lautier,J-Kramnik,A/Cannes-m/1993/CBM34/}) 7... a4 8. Rb1
axb3 9. axb3 g6 10. Bd3 (10. g3 {Kortschnoj,V-Polugaevsky,L/Evian-m/1977/24,41/
}) 10... Bg7 11. Nge2 Nb4 12. O-O O-O 13. Nf4 Re8 $10 14. Rd1 $6 (14. Bb2 $5)
14... Nxd3 15. Qxd3 Nxe4 $1 16. Nxe4 Rxe4 17. Qxe4 Bf5 18. Qxb7 Bxb1 19. Nd5
Rb8 20. Qa7 (20. Qxc7 Qxc7 21. Nxc7 Rxb3 22. Rxd6 Bd3 23. Rd8+ Bf8 24. h3 Rb1
25. Rxd3 Rxc1+ 26. Kh2 Rxc4 $10) 20... Rxb3 21. Re1 h6 $5 22. Qa4 Rb8 23. h3
Bf5 24. Ne7+ 1/2-1/2

[Event "Pulvermuehle 2nd"]
[Site "Pulvermuehle"]
[Date "2004.02.22"]
[Round "5"]
[White "Bischoff, Klaus"]
[Black "Naiditsch, Arkadij"]
[Result "1-0"]
[WhiteElo "2561"]
[BlackElo "2576"]
[Annotator "Ribli,Z"]
[PlyCount "103"]
[EventDate "2004.02.19"]
[EventType "tourn"]
[EventRounds "11"]
[EventCountry "GER"]
[EventCategory "11"]
[SourceTitle "CBM 100"]
[Source "ChessBase"]
[SourceDate "2004.06.01"]
[SourceVersion "1"]
[SourceVersionDate "2004.06.01"]
[SourceQuality "1"]

1. c4 e5 2. Nc3 Bb4 {Mit diesem seltenen Zug kann Schwarz die theoretischen
Hauptvarianten vermeiden.} 3. Qc2 {Das ist eine ruhige Fortsetzung - die
Alternativen sind 3.Nf3, 3.Qb3, 3.g3 und hauptsächlich 3.Nd5.} Nf6 4. e3 O-O 5.
Nge2 Re8 (5... c6 6. a3 Bxc3 $5 7. Qxc3 Qe7 8. d4 exd4 9. Nxd4 d5 10. cxd5 Nxd5
11. Qc2 c5 12. Nf3 Nc6 13. Be2 Bg4 14. O-O Rad8 {1/2-1/2 Sorokin,M-Korneev,O/
Podolsk 1992/EXT 97 (32)}) 6. a3 (6. Nd5 Nxd5 7. cxd5 c6 8. a3 Bf8 9. Nc3 Na6
$11) 6... Bf8 (6... Bxc3 7. Nxc3 c6 $11) 7. g3 (7. d4 d6 8. g3 c6 9. Bg2 Be6
10. d5 $11 (10. b3 Nbd7 11. O-O Rc8 12. Bb2 b5 $1 $15)) 7... c6 {Schwarz
möchte im folgenden mit 8...d5 eine starke Zentrumstellung aufbauen.} 8. Bg2 d5
9. cxd5 cxd5 10. d4 Nc6 (10... e4 11. Bd2 Na6 12. O-O Nc7 13. f3 Bf5 14. fxe4
Bxe4 15. Nxe4 Nxe4 16. Bxe4 Rxe4 17. Rf5 Re7 18. Raf1 g6 19. R5f2 Ne6 20. Nc3
Ng5 21. Kh1 Qd7 22. Qb3 Rd8 23. e4 Nxe4 24. Nxe4 dxe4 25. Bg5 {1/2-1/2
Bischoff,K-Piket,J/Germany 2002/EXT 2003 (45)}) 11. O-O (11. dxe5 Nxe5 12. O-O
Bg4 13. Nd4 Qd7 $11) 11... Bg4 (11... e4 $11) 12. h3 Bxe2 {Schwarz gibt das
Lauferpaar von selbst auf, was gar nicht schlecht ist, aber 12...Bh5!? kommt
auch in Betracht.} (12... Bh5 $5 {[%cal Gh5g6,Gg6c2]} 13. dxe5 Nxe5 14. Nf4 (
14. Qb3) 14... Bf3 $11) 13. Nxe2 exd4 (13... e4 14. Bd2 $14) 14. exd4 Rc8 $11 {
[%cal Gc8c2,Ge8e2] Schwarz hat eine schnelle Figurenentwicklung und eine feste
Stellung, mit gleichen Aussichten.} 15. Qd3 Ne4 16. Be3 Na5 {[%cal Ga5c4]} 17.
b3 (17. Rac1 Nc4 $15) 17... Qb6 18. Rfb1 (18. b4 Nc4 $15) 18... Bd6 19. h4 {
[%cal Gg2h3,Gh3c8]} Rc7 20. Ra2 h5 (20... g6) 21. Bxe4 $1 {Weiß gibt das
Läuferpaar auf und bekommt aktives Spiel am Damenflügel.} dxe4 (21... Rxe4 $2
22. Nc3 $18) 22. Qd1 Qb5 23. d5 {[%cal Ge2d4,Gd4b5]} b6 {[%cal Ga5b7,Gb7c5]}
24. Rd2 Nb7 $13 25. b4 {Weiß verteidigt sich gegen 25...Nc5.} g6 26. a4 Qd7 27.
Nd4 a5 (27... Qh3 28. Qf1 Qg4 $11) 28. bxa5 (28. b5 Qh3 $36) 28... bxa5 29. Nb5
(29. Nc6 Nc5) 29... Rcc8 30. Na7 Rc4 31. Rc2 Rxa4 32. Nc6 $44 {[%mdl 2048]
Weiß hat einen starken Stützpunkt auf c6 und aktives Figurenspiel am
Damenflügel, was ihm ausreichende Kompensation für den Bauern bietet.} Ra3 33.
Qd4 Qh3 $2 (33... Nd8 $142 $13) 34. Bh6 Bf8 35. Bxf8 Rxf8 36. Ne7+ (36. Rxb7
Rd3 (36... e3 37. fxe3 Qxg3+ 38. Rg2 $18) 37. Qa1 e3 38. Qf1 exf2+ 39. Rxf2
Rxg3+ 40. Rg2 $18) (36. Qe5) 36... Kh7 {[#]} 37. Nxg6 $1 Kxg6 (37... fxg6 38.
Rxb7+ $18) 38. Qxe4+ Qf5 39. Qxf5+ Kxf5 40. Rxb7 $16 {[%csl Gb7,Gc2][%mdl 4096]
Weiß hat einen Bauern mehr im Turmendspiel und seine Türme stehen sehr aktiv.}
Rd3 (40... a4) 41. Rc5 {[%cal Rc5a5,Gc5f5]} a4 42. Ra7 a3 43. d6+ Kg6 (43...
Ke6 44. Rxh5 Rd8 45. Rha5 $18) 44. Rg5+ Kh6 45. Raa5 f5 (45... Rxd6 46. Rxh5+
Kg7 47. Rag5+ Kf6 48. Rh6+ Ke7 49. Rxd6 Kxd6 50. Ra5 $18) 46. Ra6 (46. d7 Rxd7
47. Ra6+ Kh7 48. Rxh5+ Kg7 49. Rxa3 $18) 46... Rf6 47. Ra8 Rf7 48. Rh8+ Rh7 49.
Rxh5+ $1 $18 Kxh5 50. Rxh7+ Kg6 51. Ra7 f4 (51... Rxd6 52. Rxa3 $18) 52. g4 (
52. g4 Rxd6 53. Rxa3 $18) 1-0

[Event "USA-ch"]
[Site "USA"]
[Date "1989.??.??"]
[Round "8"]
[White "Dlugy, Maxim"]
[Black "Rohde, Michael A"]
[Result "1/2-1/2"]
[WhiteElo "2530"]
[BlackElo "2550"]
[Annotator "Ribli,Z"]
[PlyCount "81"]
[EventDate "1989.11.??"]
[EventType "tourn"]
[EventRounds "15"]
[EventCountry "USA"]
[EventCategory "12"]
[SourceTitle "CBM 019"]
[Source "ChessBase"]
[SourceDate "1990.12.01"]
[SourceVersion "1"]
[SourceVersionDate "1990.12.01"]
[SourceQuality "1"]

1. d4 d6 2. c4 e5 3. Nf3 e4 4. Ng5 f5 5. Nc3 Nc6 6. Nh3 (6. g3 Nf6 7. h4 g6 8.
e3 Bg7 9. Be2 O-O 10. Nh3 Ng4 11. Nf4 Re8 {Dlugy,M-Rohde,M USA ch 1988 CBM 11})
6... Nf6 7. Nf4 Be7 8. h4 $1 Bd7 9. e3 Nb4 10. a3 Na6 11. b4 c6 12. Be2 Nc7 13.
d5 (13. Qb3) 13... O-O 14. Qb3 c5 15. bxc5 dxc5 16. g3 Bd6 17. a4 (17. Rb1)
17... Be5 18. Bd2 Na6 $1 19. Rb1 Nb4 20. Nb5 $1 a5 21. Bc3 Qe7 22. Bxe5 Qxe5
23. Qc3 Qxc3+ 24. Nxc3 $10 Ne8 25. Rg1 Nd6 26. Kd2 Rf6 27. Kc1 Re8 28. Kb2 Nf7
29. Nb5 Ne5 30. Ra1 Rc8 31. Kc3 g6 32. Raf1 h6 33. f3 exf3 34. Bxf3 Re8 35. Rg2
Rb6 36. Re2 g5 37. Bh5 $1 Re7 38. Ne6 Bxe6 39. dxe6 Rbxe6 40. Rxf5 gxh4 41.
gxh4 {Ribli} 1/2-1/2

[Event "Biel"]
[Site "Biel"]
[Date "1992.??.??"]
[Round "5"]
[White "Lautier, Joel"]
[Black "Hansen, Curt"]
[Result "1-0"]
[WhiteElo "2580"]
[BlackElo "2635"]
[Annotator "Ribli,Z"]
[PlyCount "73"]
[EventDate "1992.07.??"]
[EventType "tourn"]
[EventRounds "14"]
[EventCountry "SUI"]
[EventCategory "16"]
[SourceTitle "CBM 031"]
[Source "ChessBase"]
[SourceDate "1992.12.01"]
[SourceVersion "1"]
[SourceVersionDate "1992.12.01"]
[SourceQuality "1"]

1. c4 e5 2. Nc3 d6 3. Nf3 f5 4. d4 e4 5. Bg5 $5 Be7 (5... Nf6 6. Nd2 $14) (5...
Qd7 6. Ng1 $1 h6 7. Bd2 Nc6 (7... c6 8. h4 Qf7 9. e3 Nf6 10. Nh3 Be7 11. Nf4
Nbd7 12. h5 Nf8 13. d5 $14 {Uliashev,A-Agrest,E St.Petersburg-chop 1992 EXP/28}
) 8. e3 Nf6 9. Nge2 g5 10. h4 $14 {Arkhipov,S-Ruf,M Kecskemet 1990 CBM/20}) 6.
Bxe7 Qxe7 7. Nd2 (7. Ng1 Nf6 8. e3 O-O 9. Nh3 c6 10. Be2 Na6 11. Qc2 Nc7 12.
O-O-O Rb8 13. Kb1 d5 14. Rc1 Be6 $13 {Uliashev,A-Lukin,A St.Petersburg-Chop
1992 EXP/28}) 7... Nf6 8. e3 O-O 9. Be2 c5 $5 10. Nb3 Be6 11. O-O Bf7 12. Rc1 (
12. Qd2 $5) 12... Na6 13. Qd2 Rad8 14. Na1 Nb4 15. d5 Bh5 16. f3 (16. a3 $5 Na6
17. Nc2) 16... exf3 17. gxf3 Rde8 18. a3 Na6 19. Nc2 f4 20. exf4 (20. e4 $2 Nd7
$17) 20... Bg6 21. Ne1 Nh5 22. f5 $1 (22. Ng2 $2 Nxf4 23. Nxf4 Qg5+ $17) 22...
Rxf5 (22... Bxf5 $5) 23. f4 Ref8 24. Ng2 Nxf4 $2 25. Bg4 $1 Qg5 (25... R5f7 26.
Nxf4 $1 Qg5 27. Qg2 Rxf4 28. Be6+ $18) 26. Bxf5 Nh3+ 27. Bxh3 Qxd2 28. Be6+ Rf7
(28... Bf7 29. Rxf7 Rxf7 30. Rf1 $18) 29. Rcd1 Qg5 30. Nb5 $1 Qe7 31. Rde1 Qd8
32. Nf4 $1 Kh8 33. Nxg6+ hxg6 34. Rxf7 Qh4 35. Re3 Qg5+ 36. Rg3 Qc1+ 37. Rf1
1-0